|
|
|
|
| LEADER |
00000nam0a2200000 4500 |
| 001 |
321001 |
| 005 |
20231102003330.0 |
| 035 |
|
|
|a (RuTPU)RU\TPU\book\346532
|
| 090 |
|
|
|a 321001
|
| 100 |
|
|
|a 20160803d1880 m y0rusy50 ca
|
| 101 |
0 |
|
|a rus
|
| 102 |
|
|
|a RU
|
| 105 |
|
|
|a y j 000zy
|
| 200 |
1 |
|
|a Руководство к арифметике. Арифметика дробных чисел
|f Н. В. Бугаев
|
| 205 |
|
|
|a 3-е изд., испр. и доп.
|
| 210 |
|
|
|a Москва
|c Типография А. И. Мамонтова и Ко
|d 1880
|
| 215 |
|
|
|a 172 с.
|
| 300 |
|
|
|a Текст в русской дореформенной орфографии
|
| 317 |
|
|
|5 63413507: 6//137
|a в дар от В. Л. Некрасова 7/V 1905
|
| 606 |
1 |
|
|a Арифметика
|2 stltpush
|3 (RuTPU)RU\TPU\subj\29345
|9 52697
|
| 610 |
1 |
|
|a дробные числа
|
| 610 |
1 |
|
|a дроби
|
| 610 |
1 |
|
|a делители
|
| 610 |
1 |
|
|a десятичные дроби
|
| 610 |
1 |
|
|a непрерывные дроби
|
| 610 |
1 |
|
|a отношения
|
| 610 |
1 |
|
|a пропорции
|
| 610 |
1 |
|
|a тройные правила
|
| 610 |
1 |
|
|a учебные руководства
|
| 675 |
|
|
|a 511.1(075.3)
|v 4
|
| 700 |
|
1 |
|a Бугаев
|b Н. В.
|
| 801 |
|
1 |
|a RU
|b 63413507
|c 20160803
|
| 801 |
|
2 |
|a RU
|b 63413507
|c 20200929
|g RCR
|
| 942 |
|
|
|c BK
|